| 000 | 00424nam a2200133Ia 4500 | ||
|---|---|---|---|
| 008 | 170516s9999 xx 000 0 und d | ||
| 245 | _aEnhancing Nanoparticle Accumulation and Retention in Desmoplastic Tumors via Vascular Disruption for Internal Radiation Therapy | ||
| 260 | _bTheranostics | ||
| 260 | _c2017 | ||
| 300 | _a7:2 | ||
| 650 | _xMedical Technology | ||
| 650 | _xMedtech | ||
| 856 | _uhttp://www.thno.org/v7i2 | ||
| 999 |
_c330229 _d330229 |
||